Numerical investigation on the flexural behavior of composite steel castellated beams subjected to pure bending / (Record no. 179169)

MARC details
000 -LEADER
fixed length control field 03797namaa22004331i 4500
003 - CONTROL NUMBER IDENTIFIER
control field EG-GICUC
005 - أخر تعامل مع التسجيلة
control field 20260416112145.0
008 - FIXED-LENGTH DATA ELEMENTS--GENERAL INFORMATION
fixed length control field 260404s2025 ua a|||frm||| 000 0 eng d
040 ## - CATALOGING SOURCE
Original cataloguing agency EG-GICUC
Language of cataloging eng
Transcribing agency EG-GICUC
Modifying agency EG-GICUC
Description conventions rda
041 0# - LANGUAGE CODE
Language code of text/sound track or separate title eng
Language code of summary or abstract eng
-- ara
049 ## - Acquisition Source
Acquisition Source Deposit
082 04 - DEWEY DECIMAL CLASSIFICATION NUMBER
Classification number 624.1821
092 ## - LOCALLY ASSIGNED DEWEY CALL NUMBER (OCLC)
Classification number 624.1821
Edition number 21
097 ## - Degree
Degree M.Sc
099 ## - LOCAL FREE-TEXT CALL NUMBER (OCLC)
Local Call Number Cai01.13.05.M.Sc.2025.Es.N
100 0# - MAIN ENTRY--PERSONAL NAME
Authority record control number or standard number Esraa Harby Ali Abdelghaffar,
Preparation preparation.
245 10 - TITLE STATEMENT
Title Numerical investigation on the flexural behavior of composite steel castellated beams subjected to pure bending /
Statement of responsibility, etc. by Esraa Harby Ali Abdelghaffar ; Supervisors Prof. Sherif A. Mourad, Prof. Dr. Omar A. Sediek.
246 15 - VARYING FORM OF TITLE
Title proper/short title دراسة عددية لسلوك الإنثناء للكمرات الحديدية المفرغة المركبة المعرضة لعزوم إنحناء فقط
264 #0 - PRODUCTION, PUBLICATION, DISTRIBUTION, MANUFACTURE, AND COPYRIGHT NOTICE
Date of production, publication, distribution, manufacture, or copyright notice 2025.
300 ## - PHYSICAL DESCRIPTION
Extent 78 pages :
Other physical details illustrations ;
Dimensions 30 cm. +
Accompanying material CD.
336 ## - CONTENT TYPE
Content type term text
Source rda content
337 ## - MEDIA TYPE
Media type term Unmediated
Source rdamedia
338 ## - CARRIER TYPE
Carrier type term volume
Source rdacarrier
502 ## - DISSERTATION NOTE
Dissertation note Thesis (M.Sc)-Cairo University, 2025.
504 ## - BIBLIOGRAPHY, ETC. NOTE
Bibliography, etc. note Bibliography: pages 75-78.
520 #3 - SUMMARY, ETC.
Summary, etc. The primary objective of this thesis is to analyze the behavior of composite <br/>steel cellular beams and quantify the reduction in moment capacity due to web <br/>openings. The study focuses on deriving a β (beta) reduction factor that reflects <br/>the capacity decline compared to solid composite beams. Using finite element <br/>analysis (FEA), we examine the impact of key parameters such as beam length <br/>(L), depth (d), opening diameter (D), and spacing (P) on the beam’s capacity. <br/>The results are validated through comparisons with AISC Design Guide 31 and <br/>relevant design codes.
520 #3 - SUMMARY, ETC.
Summary, etc. يتناول هذا البحث دراسة عددية لتحليل سلوك الكمرات الفولاذية المركبة ذات الفتحات الخلوية، مع التركيز على تحديد الانخفاض في العزم الناتج عن هذه الفتحات. ولتمثيل الفرق في السعة مقارنة بالكمرات المصمتة، تم اشتقاق معامل تقليل العزم (β). كما تم إجراء تحليل بالعناصر المحددة لدراسة تأثير عدد من العوامل الهندسية مثل طول الكمرة وعمقها وقطر الفتحات والمسافات بينها. بالإضافة إلى ذلك، تم حساب معاملات انخفاض الترخيم ومعاملات انخفاض قوى القص لقياس تأثير الفتحات على الأداء الخدمي والإنشائي. وقد شملت الدراسة ثلاث حالات تحميل مختلفة (حمل مركز، حملان نقطيان، وحمل موزع منتظم) كجزء من المتغيرات الأساسية. وتمت مقارنة النتائج مع كود AISC ودلائل التصميم المتاحة للتحقق من دقتها وصلاحيتها للتطبيق العملي.
530 ## - ADDITIONAL PHYSICAL FORM AVAILABLE NOTE
Issues CD Issues also as CD.
546 ## - LANGUAGE NOTE
Text Language Text in English and abstract in Arabic & English.
650 #0 - SUBJECT ADDED ENTRY--TOPICAL TERM
Topical term or geographic name entry element Composite steel cellular beams
650 #0 - SUBJECT ADDED ENTRY--TOPICAL TERM
Topical term or geographic name entry element الكمرات الفولاذية
653 #1 - INDEX TERM--UNCONTROLLED
Uncontrolled term Composite steel cellular beams
-- Beta (β) reduction factor
-- Moment capacity
-- (β) معامل التقليل بيتا
-- الكمرات الفولاذية المركبة الخلوية
700 0# - ADDED ENTRY--PERSONAL NAME
Personal name Sherif A. Mourad
Relator term thesis advisor.
700 0# - ADDED ENTRY--PERSONAL NAME
Personal name Omar A. Sediek
Relator term thesis advisor.
900 ## - Thesis Information
Grant date 01-01-2025
Supervisory body Sherif A. Mourad
-- Omar A. Sediek
Discussion body Ashraf M. Osman
-- Sameh M. Gaawan
Universities Cairo University
Faculties Faculty of Engineering
Department Department of Structural Engineering
905 ## - Cataloger and Reviser Names
Cataloger Name Shimaa
Reviser Names Eman Ghareb
942 ## - ADDED ENTRY ELEMENTS (KOHA)
Source of classification or shelving scheme Dewey Decimal Classification
Koha item type Thesis
Edition 21
Suppress in OPAC No
Holdings
Source of classification or shelving scheme Home library Current library Date acquired Inventory number Full call number Barcode Date last seen Effective from Koha item type
Dewey Decimal Classification المكتبة المركزبة الجديدة - جامعة القاهرة قاعة الرسائل الجامعية - الدور الاول 04.04.2026 93655 Cai01.13.05.M.Sc.2025.Es.N 01010110093655000 04.04.2026 04.04.2026 Thesis
Cairo University Libraries Portal Implemented & Customized by: Eng. M. Mohamady Contacts: new-lib@cl.cu.edu.eg | cnul@cl.cu.edu.eg
CUCL logo CNUL logo
© All rights reserved — Cairo University Libraries
CUCL logo
Implemented & Customized by: Eng. M. Mohamady Contact: new-lib@cl.cu.edu.eg © All rights reserved — New Central Library
CNUL logo
Implemented & Customized by: Eng. M. Mohamady Contact: cnul@cl.cu.edu.eg © All rights reserved — Cairo National University Library